00884nam a2200241Ia 450000500170000000800410001702000180005804000180007604100080009410000270010224501100012925000120023926000460025130000520029749000640034950400280041365000310044165000170047265000300048965000470051965000350056665100410060120211111080537.0130821s2007 ck a gs spa  a9789586484770 aCo-BoUCMbspa00aspa1 aRomero Romero, Enrique10aPresupuesto y contabilidad pública una visión práctica actualizada a NIC-SPcEnrique Romero Romero a3a. ed. aBogotá (Colombia)bEcoe Edicionesc2007 axv, 265 páginasbgráficas, tablase1 CD-ROM 0aColección Textos Universitarios.aContabilidad y Finanzas aIncluye bibliografía.04aAuditoria fiscalzColombia04aContabilidad04aControl internozColombia04aHacienda públicaxContabilidadzColombia04aPresupuesto nacionalzColombia 4aColombiaxAdministración pública